Credit risk valuation : Methods, models, and applications

This book offers an advanced introduction to the models of credit risk valuation. It concentrates on firm-value and reduced-form approaches and their applications in practice. Additionally, the book includes new models for valuing derivative securities with credit risk, focussing on options and forw...

Cur síos iomlán

Đã lưu trong:
Sonraí Bibleagrafaíochta
Príomhúdar: Ammann, Manuel
Formáid: Leabhar
Teanga:Undetermined
Foilsithe: New York Springer c2001
Ábhair:
Clibeanna: Cuir Clib Leis
Gan Chlibeanna, Bí ar an gcéad duine leis an taifead seo a chlibeáil!
Thư viện lưu trữ: Trung tâm Học liệu Trường Đại học Cần Thơ
LEADER 01359nam a2200229Ia 4500
001 CTU_153301
008 210402s9999 xx 000 0 und d
020 |c 93.76 
082 |a 332.632 
082 |b A518/2nd 
100 |a Ammann, Manuel 
245 0 |a Credit risk valuation : 
245 0 |b Methods, models, and applications 
245 0 |c Manuel Ammann 
260 |a New York 
260 |b Springer 
260 |c c2001 
520 |a This book offers an advanced introduction to the models of credit risk valuation. It concentrates on firm-value and reduced-form approaches and their applications in practice. Additionally, the book includes new models for valuing derivative securities with credit risk, focussing on options and forward contracts subject to counterparty default risk, but also treating options on credit-risky bonds and credit derivatives. The text provides detailed descriptions of the state-of-the-art martingale methods and advanced numerical implementations based on multi-variate trees used to price derivative credit risk. Numerical examples illustrate the effects of credit risk on the prices of financial derivatives. 
650 |a Credit ratings,Credit,Risk management,Quản trị rủi ro,Tín dụng 
650 |x Management,Quản trị 
904 |i Nguyên 
980 |a Trung tâm Học liệu Trường Đại học Cần Thơ